| 000 | 00742nam a2200169Ia 4500 | ||
|---|---|---|---|
| 008 | 090711s9999 xx 000 0 und d | ||
| 082 | _b54099 | ||
| 100 | _aदेशपांडे व. भी. | ||
| 245 | _aश्री क्षेत्र बाळेकुंद्रीSो श्रीपंतमहाराज | ||
| 260 | _c1981 | ||
| 300 | _a64 | ||
| 600 | _aदेशपांडे व. भी. | ||
| 630 | _aश्री क्षेत्र बाळेकुंद्रीSो श्रीपंतमहाराज | ||
| 700 | _aदेशपांडे व. भी. | ||
| 730 | _aश्री क्षेत्र बाळेकुंद्रीSो श्रीपंतमहाराज | ||
| 942 | _cBOOK | ||
| 999 |
_c282443 _d282443 |
||